Emblems of the World - Statistics

General Stats
  • This quiz has been taken 45 times
    34 since last reset
  • The average score is 64 of 204
Answer Stats
Picture Answer % Correct
Lebanon
96%
Austria
92%
Kiribati
79%
Myanmar
75%
Ghana
71%
Moldova
71%
Russia
71%
Switzerland
71%
Czech Republic
67%
Liberia
67%
Croatia
63%
Hungary
63%
Kazakhstan
63%
Mongolia
63%
New Zealand
63%
Togo
63%
Iraq
58%
Morocco
58%
Nicaragua
58%
Palau
58%
Vatican City
58%
Angola
54%
Canada
54%
Costa Rica
54%
Ethiopia
54%
Fiji
54%
Mauritania
54%
Paraguay
54%
Peru
54%
Turkey
54%
Tuvalu
54%
United Kingdom
54%
Argentina
50%
Belgium
50%
Bosnia and Herzegovina
50%
Dominican Republic
50%
East Timor
50%
Guinea
50%
Ireland
50%
Mali
50%
Malta
50%
Marshall Islands
50%
Mexico
50%
Philippines
50%
Portugal
50%
Sahrawi Arab Democratic Republic
50%
San Marino
50%
Serbia
50%
Singapore
50%
Slovenia
50%
Spain
50%
Taiwan
50%
Tonga
50%
United States
50%
Uruguay
50%
Bahrain
46%
Belarus
46%
Brazil
46%
Brunei
46%
Colombia
46%
Comoros
46%
Germany
46%
Jordan
46%
Luxembourg
46%
Oman
46%
Rwanda
46%
Tanzania
46%
Thailand
46%
Uzbekistan
46%
Ivory Coast
42%
Laos
42%
Lesotho
42%
Malaysia
42%
Romania
42%
Somalia
42%
United Arab Emirates
42%
Vietnam
42%
Andorra
38%
El Salvador
38%
Finland
38%
Monaco
38%
Nauru
38%
Saudi Arabia
38%
Tunisia
38%
Turkmenistan
38%
Artsakh
33%
Bulgaria
33%
Cambodia
33%
Guinea-Bissau
33%
Indonesia
33%
Libya
33%
Malawi
33%
Netherlands
33%
Sudan
33%
Uganda
33%
Armenia
29%
Maldives
29%
Nepal
29%
Norway
29%
Slovakia
29%
South Africa
29%
Vanuatu
29%
Yemen
29%
Bangladesh
25%
Denmark
25%
Gabon
25%
Georgia
25%
Iceland
25%
Italy
25%
Latvia
25%
Namibia
25%
North Macedonia
25%
Republic of the Congo
25%
Bahamas
21%
Burundi
21%
Democratic Republic of the Congo
21%
Djibouti
21%
Greece
21%
Guyana
21%
Mauritius
21%
Mozambique
21%
Panama
21%
Senegal
21%
Seychelles
21%
South Korea
21%
Suriname
21%
Tajikistan
21%
Barbados
17%
Benin
17%
Burkina Faso
17%
Chad
17%
Cyprus
17%
Dominica
17%
Gambia
17%
Haiti
17%
Jamaica
17%
Kosovo
17%
Northern Cyprus
17%
Palestine
17%
Qatar
17%
Saint Lucia
17%
Zambia
17%
Algeria
13%
Antigua and Barbuda
13%
Azerbaijan
13%
Bhutan
13%
Cape Verde
13%
Egypt
13%
Equatorial Guinea
13%
Eswatini
13%
Federated States of Micronesia
13%
Grenada
13%
Honduras
13%
Iran
13%
Israel
13%
Japan
13%
Montenegro
13%
North Korea
13%
Saint Kitts and Nevis
13%
Samoa
13%
Solomon Islands
13%
Sweden
13%
Transnistria
13%
Ukraine
13%
Abkhazia
8%
Afghanistan
8%
Belize
8%
Chile
8%
Cuba
8%
Estonia
8%
France
8%
Guatemala
8%
India
8%
Kenya
8%
Liechtenstein
8%
Lithuania
8%
Madagascar
8%
Niger
8%
Nigeria
8%
Papua New Guinea
8%
Poland
8%
Saint Vincent and the Grenadines
8%
São Tomé and Príncipe
8%
Somaliland
8%
South Ossetia
8%
South Sudan
8%
Sri Lanka
8%
Trinidad and Tobago
8%
Venezuela
8%
Zimbabwe
8%
Albania
4%
Australia
4%
Bolivia
4%
Botswana
4%
Cameroon
4%
Central African Republic
4%
China
4%
Ecuador
4%
Eritrea
4%
Kuwait
4%
Kyrgyzstan
4%
Pakistan
4%
Sierra Leone
4%
Syria
4%
No matching quizzes found
Score Distribution
Percent of People with Each Score
Percentile by Number Answered
Your Score History
You have not taken this quiz since the last reset